Marvel Comic based films - Statistics

General Stats
  • This quiz has been taken 5,522 times
    605 since last reset
  • The average score is 59 of 83
Answer Stats
Hint Answer % Correct
2011 Captain America: The First Avenger
96%
2008 Iron Man
96%
1944 Captain America
94%
1990 Captain America
94%
2002 Spider-Man
94%
2011 Thor
93%
2010 Iron Man 2
91%
2012 The Avengers
91%
2019 Avengers: Endgame
90%
2003 Hulk
90%
2013 Iron Man 3
90%
2018 Avengers: Infinity War
89%
2017 Thor: Ragnarok
88%
2004 Spider-Man 2
87%
2007 Spider-Man 3
87%
2016 Captain America Civil War
86%
2017 Spider-Man: Homecoming
86%
2000 X-Men
86%
2015 Ant-Man
85%
2021 Spider-Man: No Way Home
85%
2013 Thor: The Dark World
85%
2016 Doctor Strange
84%
2015 The Avengers: Age Of Ultron
84%
2022 Thor: Love and Thunder
84%
2021 Black Widow
83%
2019 Spider-Man: Far From Home
83%
2015 The Fantastic Four
83%
2018 Ant-Man and the Wasp
82%
2018 Black Panther
82%
2014 Captain America: The Winter Soldier
82%
2019 Captain Marvel
82%
1994 The Fantastic Four
82%
2025 The Fantastic Four: First Steps
82%
2005 Fantastic Four
81%
2012 The Amazing Spider-Man
81%
2016 Deadpool
80%
2014 Guardians Of The Galaxy
80%
2017 Guardians Of The Galaxy Vol. 2
79%
2022 Black Panther: Wakanda Forever
78%
2014 The Amazing Spider-Man 2
77%
2023 Guardians of the Galaxy Vol. 3
76%
2024 Deadpool & Wolverine
75%
2003 X2
75%
2025 Captain America: Brave New World
74%
2025 Thunderbolts
74%
2018 Deadpool 2
73%
2008 The Incredible Hulk
73%
2022 Ant-Man and the Wasp: Quantumania
72%
2006 X-Men: The Last Stand
70%
2021 The Eternals
69%
2023 The Marvels
69%
2021 Shang-Chi and the Legend of the Ten Rings
68%
2009 X-Men Origins: Wolverine
68%
2022 Doctor Strange and the Multiverse of Madness
67%
1998 Blade
66%
2017 Logan
66%
2003 Daredevil
64%
2018 Venom
59%
2014 X-Men: Days Of Future Past
59%
2002 Blade II
57%
2016 X-Men: Apocalypse
57%
2021 Venom: Let There Be Carnage
56%
2019 X-Men: Dark Phoenix
56%
2011 X-Men: First Class
56%
2004 Blade: Trinity
55%
2005 Elektra
55%
1989 The Punisher
54%
2004 The Punisher
54%
2024 Venom: The Last Dance
54%
2007 Fantastic Four: Rise Of The Silver Surfer
53%
2008 Punisher: War Zone
51%
2013 The Wolverine
47%
2007 Ghost Rider
46%
2022 Morbius
46%
2018 Spider-Man: Into the Spider-Verse
45%
2024 Madame Web
43%
1986 Howard the Duck
42%
2024 Kraven the Hunter
41%
2023 Spider-Man: Across the Spider-Verse
40%
2020 The New Mutants
39%
2012 Ghost Rider: Spirit Of Vengeance
38%
2014 Big Hero 6
20%
2005 Man-Thing
16%
No matching quizzes found
Score Distribution
Percent of People with Each Score
Percentile by Number Answered
Your Score History
You have not taken this quiz since the last reset